Länder mit den meisten ... pro Kopf - Statistiken

Allgemein
  • Dieses Quiz wurde 364 mal gespielt
  • Das Durchschnittsergebnis liegt bei 7 aus 18
Antwortstatistiken
Die meisten. ... pro Kopf Land % Korrekt
Mcdonald's Vereinigte Staaten
98%
Mayonnaise Verbrauch Russland
85%
Bücher veröffentlicht Vereinigtes Königreich
79%
Militärausgaben Saudi Arabien
56%
Eisverbrauch Australien
51%
Internetbenutzer Niederlande
49%
Computers Schweiz
46%
Olympische Goldmedaillen Finnland
43%
Bierherstellung Irland
40%
Tee-Verbrauch Türkei
36%
Energieverbrauch Island
32%
Limonadenverbrauch Argentinien
30%
Motorräder Thailand
28%
Ölreserven Kuwait
21%
Fahrzeuge San Marino
15%
Salzverbrauch Kasachstan
11%
Nobelpreisträger Saint Lucia
3%
Gefangene Seychellen
2%
Keine übereinstimmenden Quizze gefunden
Verteilung der Resultate
Anzahl Personen mit jedem Resultat
Perzentil nach korrekt beantworteten Fragen
Ihre Resultats-Entwicklung
Sie haben dieses Quiz noch nicht gespielt